| 000 | 01111cam a22002895a 4500 | ||
|---|---|---|---|
| 001 | 16301009 | ||
| 005 | 20160320140816.0 | ||
| 008 | 100624s2008 enka frb 001 0 eng d | ||
| 020 | _a9780853697053 | ||
| 020 | _a0853697051 | ||
| 040 |
_aBTCTA _cBTCTA _dBAKER _dYDXCP _dPFM _dCDX _dUKM _dDLC _dEG-ScBUE _beng |
||
| 082 | 0 | 4 |
_a614.13 _222 _bCLA |
| 245 | 0 | 0 |
_aClarke's analytical forensic toxicology / _cedited by Sue Jickells, Adam Negrusz. |
| 246 | 3 | _aAnalytical forensic toxicology | |
| 260 |
_aLondon ; _aChicago : _bPharmaceutical Press, _c2008. |
||
| 300 |
_axxiv, 648 p. : _bill. ; _c25 cm. |
||
| 500 | _a"This book is adapted from contributions published in volume 1 of Clarke's analysis of drugs and poisons, 3rd edition." | ||
| 500 | _aIndex : p. [625]-648. | ||
| 504 | _aIncludes bibliographical references. | ||
| 650 | 7 |
_aForensic toxicology. _2BUEsh _939604 |
|
| 650 | 7 |
_aAnalytical toxicology. _2BUEsh _939605 |
|
| 653 |
_bPPhrm _cMarch2016 |
||
| 700 | 1 |
_aJickells, Sue, _eeditor. |
|
| 700 | 1 |
_aNegrusz, Adam, _cPh. D., _eeditor. |
|
| 740 | 0 | _aClarke's analysis of drugs and poisons. | |
| 942 | _2ddc | ||
| 999 |
_c21454 _d21426 |
||